000 00795nam a2200205Ia 4500
003 0
005 20250131070722.0
008 150126s9999 xx 000 0 und d
050 _aPHS LC 3731
_b.K49 2014
100 _aKim, Bora.
245 _aComparative analysis of the academic performance of Korean students living and not living with parents /
_cBora Kim.
260 _aLas PiƱas City, Philippines :
_bSouthville International School and Colleges,
_c2014.
300 _a33 pages :
_billustration ;
_c28 cm.
504 _aIncludes bibliographical references.
650 _aKorean students
_vAcademic performance.
650 _aAcademic achievement
_vSocial aspects.
650 _aParental influence
_vEducation.
650 _aEducation, Secondary
_vForeign students.
942 _2lcc
_cPASS
999 _c278698
_d278698